Ostorožno: illjuzii!

Mnohé teórie trhových vzťahov sú založené na rôznych ilúziach. Charakteristika ilúzie o tom, že na základe sformovania trhových vzťahov je možno sformovať spoločnosť, ktorá sa odlišuje od kapitalizmu, že možno vytvoriť taký trh, ktorý by sa vyhol hlbokej ekonomickej kríze, že pri rozvinutých trhovýc...

Descrizione completa

Salvato in:
Dettagli Bibliografici
Autore principale: Ivanov, Je
Natura: Capitolo di libro
Lingua:russo
Soggetti:
Tags: Aggiungi Tag
Nessun Tag, puoi essere il primo ad aggiungerne!!

MARC

LEADER 00000naa a2200000 4500
001 r006076
005 20221208122442.9
041 0 |a rus 
044 |a [SU] 
245 1 0 |a Ostorožno: illjuzii!  |c Je. Ivanov 
520 |a Mnohé teórie trhových vzťahov sú založené na rôznych ilúziach. Charakteristika ilúzie o tom, že na základe sformovania trhových vzťahov je možno sformovať spoločnosť, ktorá sa odlišuje od kapitalizmu, že možno vytvoriť taký trh, ktorý by sa vyhol hlbokej ekonomickej kríze, že pri rozvinutých trhových vzťahoch je možné ochrániť pracujúcich, dôchodcov a deti pred nezamestnanosťou a rastom cien. 
610 2 0 |a mechanizmus trhový 
610 2 0 |a vzťahy spoločenské 
610 2 0 |a kríza hospodárska 
610 2 0 |a spoločnosť 
610 2 0 |a trh 
100 1 |a Ivanov, Je.